[Event "España ch Absoluto 2010"]
[Site "El Sauzal ESP"]
[Date "2010.09.04"]
[Round "1.9"]
[White "Machin Arbelo, Pedro Alexis"]
[Black "Reinaldo Castineira, Roi"]
[Result "0-1"]
[WhiteElo "2032"]
[BlackElo "2502"]
[PlyCount "42"]
[EventDate "2010.09.04"]
[EventType "swiss"]
[EventRounds "9"]
[EventCountry "ESP"]
[Source "lmi"]
[SourceDate "2010.09.04"]

1. d4 g6 2. e4 Bg7 3. Nc3 c6 4. Be2 d5 5. Nf3 Nh6 6. e5 O-O 7. h4 f6 8. h5 g5
9. Nh2 fxe5 10. Bxg5 Nf7 11. h6 Bh8 12. Be3 exd4 13. Bxd4 e5 14. Bc5 Re8 15.
Bh5 Be6 16. Qf3 Qh4 17. Ng4 Qxh1+ 18. Ke2 Qh4 19. Rh1 Qxh1 20. Qg3 Qxh5 21. Kd2
Qh1 0-1

[Event "España ch Absoluto 2010"]
[Site "El Sauzal ESP"]
[Date "2010.09.05"]
[Round "2.30"]
[White "Fernandez Siles, Luis"]
[Black "Garcia Gata, Jorge D"]
[Result "0-1"]
[WhiteElo "2341"]
[BlackElo "2090"]
[PlyCount "59"]
[EventDate "2010.09.04"]
[EventType "swiss"]
[EventRounds "9"]
[EventCountry "ESP"]
[Source "lmi"]
[SourceDate "2010.09.04"]

1. e4 c5 2. Nf3 g6 3. d4 cxd4 4. Qxd4 Nf6 5. e5 Nc6 6. Qa4 Nd5 7. Qe4 e6 8. c4
f5 9. exf6 Nxf6 10. Qh4 Bg7 11. Bh6 Bxh6 12. Qxh6 Qb6 13. Qd2 Ne4 14. Qc2 d5
15. a3 O-O 16. Nc3 Rxf3 17. Nxe4 Nd4 18. Qc1 dxe4 19. gxf3 Nxf3+ 20. Ke2 Nd4+
21. Ke1 Qb3 22. Be2 Nc2+ 23. Kd2 Nxa1 24. Qxa1 e5 25. Rc1 Qh3 26. b4 Qxh2 27.
Rf1 Qf4+ 28. Ke1 Be6 29. Qd1 Rf8 30. Qd6 0-1

[Event "España ch Absoluto 2010"]
[Site "El Sauzal ESP"]
[Date "2010.09.05"]
[Round "2.32"]
[White "Perez Castellano, Susana"]
[Black "Rodriguez Ferraz, Borja"]
[Result "1-0"]
[WhiteElo "1799"]
[BlackElo "2079"]
[PlyCount "129"]
[EventDate "2010.09.04"]
[EventType "swiss"]
[EventRounds "9"]
[EventCountry "ESP"]
[Source "lmi"]
[SourceDate "2010.09.04"]

1. e4 e5 2. Nf3 Nc6 3. Bc4 Nf6 4. d3 Bc5 5. c3 d6 6. Bb3 Bb6 7. Bg5 h6 8. Bh4
Bg4 9. Nbd2 O-O 10. O-O g5 11. Bg3 Ne7 12. h3 Bh5 13. Qc2 Ng6 14. d4 Qe7 15.
Rae1 Kh7 16. Qd3 c6 17. Nh2 Rg8 18. Nc4 Bc7 19. Ne3 Rad8 20. Bc2 Qf8 21. a4 a5
22. Bd1 Bxd1 23. Rxd1 h5 24. Nf3 Nf4 25. Qc2 Qg7 26. Nf5 Qf8 27. Qb3 g4 28.
hxg4 hxg4 29. Nh2 Rb8 30. Bh4 Bd8 31. dxe5 dxe5 32. Rd6 Rg6 33. Rfd1 Ne6 34.
Bxf6 Bxf6 35. Nf1 Bg5 36. N1g3 Bf4 37. Nh5 Kh8 38. g3 Bh6 39. Kg2 b6 40. Rd7
Ng5 41. Nd6 Kg8 42. Nf5 Re6 43. R1d6 Rbe8 44. Nxh6+ Rxh6 45. Nf6+ Rxf6 46. Rxf6
Qg7 47. Rf5 Re6 48. Qxb6 Kh7 49. Qc7 Rf6 50. Qxe5 Rg6 51. Qxg7+ Kxg7 52. Rxa5
Nxe4 53. Raa7 Rf6 54. Ra5 Rxf2+ 55. Kg1 Rf3 56. Re5 Rxg3+ 57. Kh2 Rh3+ 58. Kg2
Rg3+ 59. Kf1 Rf3+ 60. Ke2 Ng3+ 61. Kd1 Nf5 62. Rd2 Kf6 63. Rc5 Kg6 64. Rxc6+
Kg5 65. Rc8 1-0

[Event "España ch Absoluto 2010"]
[Site "El Sauzal ESP"]
[Date "2010.09.05"]
[Round "2.36"]
[White "De La Rubia Ramirez, Dulce N"]
[Black "Navarro Molina, David"]
[Result "0-1"]
[WhiteElo "1774"]
[BlackElo "2047"]
[PlyCount "117"]
[EventDate "2010.09.04"]
[EventType "swiss"]
[EventRounds "9"]
[EventCountry "ESP"]
[Source "lmi"]
[SourceDate "2010.09.04"]

1. e4 c5 2. Nc3 Nc6 3. g3 g6 4. Bg2 Bg7 5. f4 e6 6. Nf3 Nge7 7. O-O O-O 8. d3
d6 9. Bd2 Rb8 10. a3 b5 11. Rb1 a5 12. Ne2 b4 13. axb4 cxb4 14. b3 Qb6+ 15. Kh1
Ba6 16. Be1 Rbc8 17. Bf2 Qc7 18. Qd2 Na7 19. Rfc1 Nb5 20. Nfd4 Nc3 21. Nxc3
Qxc3 22. Qxc3 Rxc3 23. Ne2 Rcc8 24. Nd4 Rc7 25. Ra1 Nc6 26. e5 Nxd4 27. Bxd4
dxe5 28. Bb6 Rcc8 29. fxe5 a4 30. bxa4 Bxe5 31. d4 Bd6 32. Kg1 Rc3 33. Be4 Rfc8
34. d5 exd5 35. Bxd5 Rxc2 36. Rxc2 Rxc2 37. a5 Rd2 38. Bb3 Kg7 39. Be3 Rd3 40.
Rd1 f5 41. Rxd3 Bxd3 42. Kf2 Kf6 43. Bd4+ Be5 44. Bc5 Bc3 45. Ke3 Ba6 46. h4
Be5 47. Kf3 Bc3 48. Bd6 h6 49. Bc7 Ke7 50. Bf4 Kd7 51. Bxh6 Kc6 52. Be3 Be5 53.
Bf7 Bd3 54. Bb3 Bc7 55. Bd2 Be4+ 56. Kf2 Bxa5 57. Ke3 Kc5 58. g4 Bd8 59. h5 0-1

[Event "España ch Absoluto 2010"]
[Site "El Sauzal ESP"]
[Date "2010.09.06"]
[Round "3.19"]
[White "Navarro Molina, David"]
[Black "Villavicencio Martinez, Adalber"]
[Result "0-1"]
[WhiteElo "2047"]
[BlackElo "2318"]
[PlyCount "81"]
[EventDate "2010.09.04"]
[EventType "swiss"]
[EventRounds "9"]
[EventCountry "ESP"]
[Source "lmi"]
[SourceDate "2010.09.04"]

1. d4 Nf6 2. Nf3 e6 3. c4 Bb4+ 4. Nbd2 O-O 5. a3 Be7 6. e4 d5 7. cxd5 exd5 8.
e5 Ne4 9. Bd3 f5 10. exf6 Bxf6 11. O-O Bf5 12. Nxe4 dxe4 13. Qb3+ Kh8 14. Qxb7
Nc6 15. Qxc6 exd3 16. Be3 Rb8 17. b4 Rb6 18. Qc4 Rd6 19. Rac1 Rd7 20. Rfd1 Qe8
21. Qc5 Bg4 22. Rxd3 Bxf3 23. gxf3 Qg6+ 24. Kh1 Rdf7 25. Rdd1 Be7 26. Qc6 Bd6
27. Rg1 Qh5 28. f4 Bxf4 29. Bxf4 Rxf4 30. Qxc7 Qf3+ 31. Rg2 R4f7 32. Qc6 Qxa3
33. d5 Qxb4 34. d6 Qd2 35. Qc5 a5 36. Ra1 a4 37. Kg1 Re8 38. h3 h6 39. Rg3 Rd8
40. Kg2 Rdf8 41. Rf1 0-1

[Event "España ch Absoluto 2010"]
[Site "El Sauzal ESP"]
[Date "2010.09.06"]
[Round "3.21"]
[White "Farran Martos, Francesc X"]
[Black "Acosta Sosa, Juan Manuel"]
[Result "1/2-1/2"]
[WhiteElo "2287"]
[BlackElo "2007"]
[PlyCount "103"]
[EventDate "2010.09.04"]
[EventType "swiss"]
[EventRounds "9"]
[EventCountry "ESP"]
[Source "lmi"]
[SourceDate "2010.09.04"]

1. e4 e5 2. d4 exd4 3. Nf3 Nc6 4. Nxd4 Qf6 5. Be3 Bc5 6. c3 Nge7 7. Bc4 O-O 8.
O-O a6 9. f4 d6 10. Kh1 Bb6 11. Na3 Nxd4 12. cxd4 d5 13. e5 Qg6 14. Bd3 Bf5 15.
Bxf5 Nxf5 16. Bf2 h5 17. Rc1 Rfe8 18. Rc3 Qg4 19. Qd2 Ba5 20. Nb1 c5 21. Qd3 c4
22. Qd2 b5 23. h3 Qg6 24. Qe2 Bb6 25. Rd1 Bxd4 26. Bxd4 Nxd4 27. Rxd4 Qxb1+ 28.
Rd1 Qe4 29. Re3 Qxf4 30. Rxd5 Rad8 31. Rxd8 Rxd8 32. e6 Rd1+ 33. Qxd1 Qxe3 34.
exf7+ Kxf7 35. Qxh5+ Kg8 36. Qd5+ Kh7 37. Qf5+ Kh8 38. Kh2 Qd4 39. Qh5+ Kg8 40.
Qe8+ Kh7 41. Qe2 b4 42. Kg3 c3 43. bxc3 bxc3 44. Qc2+ g6 45. Kf3 Kg7 46. Ke2 a5
47. Qd3 Qb4 48. Qc2 Qd4 49. g4 Qe5+ 50. Kd3 Qg3+ 51. Kc4 Qxh3 52. Qxc3+ 1/2-1/2

[Event "España ch Absoluto 2010"]
[Site "El Sauzal ESP"]
[Date "2010.09.06"]
[Round "3.33"]
[White "Fernandez Molina, Victor Manuel"]
[Black "Saenz Narciso, Miguel Angel"]
[Result "0-1"]
[WhiteElo "1913"]
[BlackElo "2143"]
[PlyCount "69"]
[EventDate "2010.09.04"]
[EventType "swiss"]
[EventRounds "9"]
[EventCountry "ESP"]
[Source "lmi"]
[SourceDate "2010.09.04"]

1. Nf3 g6 2. c4 Bg7 3. Nc3 e5 4. g3 f5 5. d3 d6 6. Bg2 Nf6 7. Bd2 c6 8. Rb1 O-O
9. Qc1 e4 10. dxe4 fxe4 11. Nd4 Ng4 12. Be3 Nxe3 13. Qxe3 d5 14. cxd5 cxd5 15.
Rd1 Nc6 16. Nxc6 bxc6 17. Qc5 Qb6 18. Qxb6 axb6 19. Rd2 Ba6 20. O-O Bc4 21. Rc1
e3 22. fxe3 Bh6 23. Nd1 Rxa2 24. Bf3 Rf6 25. Kf2 Ra7 26. h4 g5 27. hxg5 Bxg5
28. Rc3 Re7 29. b3 Bb5 30. Rd4 Kf7 31. Kg2 Rfe6 32. Rb4 Re5 33. Nf2 Bxe3 34.
Rxe3 Rxe3 35. Ng4 0-1

[Event "España ch Absoluto 2010"]
[Site "El Sauzal ESP"]
[Date "2010.09.06"]
[Round "3.49"]
[White "Darias Darias, Luis"]
[Black "Febles Dominguez, Alfonso Jesus"]
[Result "1-0"]
[WhiteElo "1877"]
[BlackElo "1488"]
[PlyCount "58"]
[EventDate "2010.09.04"]
[EventType "swiss"]
[EventRounds "9"]
[EventCountry "ESP"]
[Source "lmi"]
[SourceDate "2010.09.04"]

1. e4 e5 2. f4 d5 3. Nf3 exf4 4. e5 Be6 5. d4 g5 6. h4 g4 7. Ng5 Be7 8. Bxf4 h6
9. Nxe6 Bxh4+ 10. g3 fxe6 11. Rxh4 h5 12. Bd3 Ne7 13. Qxg4 Nbc6 14. Qxe6 Rg8
15. c3 Qd7 16. Bf5 O-O-O 17. Qxd7+ Rxd7 18. Bxd7+ Kxd7 19. Rxh5 Ng6 20. Rg5
Nce7 21. Nd2 b5 22. Nb3 Rh8 23. Nc5+ Kc8 24. O-O-O a5 25. e6 b4 26. cxb4 axb4
27. Na6 Nxf4 28. gxf4 Nc6 29. Rdg1 Kb7 1-0

[Event "España ch Absoluto 2010"]
[Site "El Sauzal ESP"]
[Date "2010.09.06"]
[Round "3.50"]
[White "Ramirez Medina, Victor"]
[Black "Abreu Perez, Abigail"]
[Result "1-0"]
[WhiteElo "1816"]
[BlackElo "1395"]
[PlyCount "56"]
[EventDate "2010.09.04"]
[EventType "swiss"]
[EventRounds "9"]
[EventCountry "ESP"]
[Source "lmi"]
[SourceDate "2010.09.04"]

1. e4 c5 2. Nf3 Nc6 3. d4 cxd4 4. Nxd4 Qb6 5. Nb3 e6 6. Be3 Qc7 7. Nc3 a6 8.
Be2 Bd6 9. Qd2 Bxh2 10. g3 Bxg3 11. fxg3 Qxg3+ 12. Bf2 Qe5 13. O-O-O Nf6 14.
Rdg1 g6 15. Bg3 Nxe4 16. Bxe5 Nxd2 17. Bxh8 Nxb3+ 18. axb3 h5 19. Bf6 d5 20.
Na4 b5 21. Nc5 Ne7 22. Rg5 Ng8 23. Bd4 Ne7 24. Bxh5 gxh5 25. Bf6 Ng6 26. Rhxh5
Nf8 27. Rh8 Bd7 28. Nxd7 Kxd7 1-0

[Event "España ch Absoluto 2010"]
[Site "El Sauzal ESP"]
[Date "2010.09.06"]
[Round "3.56"]
[White "Garcia Lorenzo, Jaime"]
[Black "De La Rubia Ramirez, Dulce N"]
[Result "0-1"]
[WhiteElo "1319"]
[BlackElo "1774"]
[PlyCount "63"]
[EventDate "2010.09.04"]
[EventType "swiss"]
[EventRounds "9"]
[EventCountry "ESP"]
[Source "lmi"]
[SourceDate "2010.09.04"]

1. d4 Nf6 2. c4 g6 3. Nc3 Bg7 4. e4 d6 5. Bd3 O-O 6. Nge2 Nc6 7. a3 e5 8. d5
Ne7 9. Bg5 h6 10. Be3 Ng4 11. Qd2 f5 12. f4 exf4 13. Bxf4 g5 14. Bg3 f4 15.
Nxf4 gxf4 16. Bxf4 Ng6 17. Bg3 Be5 18. Ne2 Bxg3+ 19. hxg3 Qg5 20. Qxg5 hxg5 21.
e5 N6xe5 22. Bh7+ Kg7 23. b3 Rh8 24. Ng1 Rxh7 25. Nh3 Bd7 26. Kd2 Rf8 27. Raf1
Rxf1 28. Rxf1 Kg6 29. b4 Nxc4+ 30. Kc3 Nge3 31. Rh1 Bxh3 32. gxh3 0-1

[Event "España ch Absoluto 2010"]
[Site "El Sauzal ESP"]
[Date "2010.09.06"]
[Round "3.57"]
[White "Korneev, Svyatoslav"]
[Black "Dos-Reis Cabrera, Jose Manuel"]
[Result "1-0"]
[WhiteElo "1787"]
[BlackElo "1360"]
[PlyCount "39"]
[EventDate "2010.09.04"]
[EventType "swiss"]
[EventRounds "9"]
[EventCountry "ESP"]
[Source "lmi"]
[SourceDate "2010.09.04"]

1. e4 e5 2. Nf3 d6 3. d4 Be7 4. dxe5 dxe5 5. Qxd8+ Bxd8 6. Nxe5 Nf6 7. Nc3 O-O
8. Bc4 Be6 9. Bxe6 fxe6 10. Be3 Nbd7 11. Nxd7 Nxd7 12. f4 Bh4+ 13. g3 Be7 14.
O-O-O Nb6 15. Nb5 Rfc8 16. Nd4 Nc4 17. Bf2 Bc5 18. Rhf1 e5 19. Nf5 Bxf2 20.
Rxf2 1-0

[Event "España ch Absoluto 2010"]
[Site "El Sauzal ESP"]
[Date "2010.09.07"]
[Round "4.37"]
[White "Garcia Rodriguez, Sara"]
[Black "Rodriguez Ferraz, Borja"]
[Result "1-0"]
[WhiteElo "1869"]
[BlackElo "2079"]
[PlyCount "55"]
[EventDate "2010.09.04"]
[EventType "swiss"]
[EventRounds "9"]
[EventCountry "ESP"]
[Source "lmi"]
[SourceDate "2010.09.04"]

1. e4 e5 2. Nf3 Nc6 3. Bc4 Nf6 4. d3 Bc5 5. c3 d6 6. Nbd2 a6 7. Bb3 Ba7 8. O-O
O-O 9. Bc2 Be6 10. h3 Ne7 11. Ng5 Bd7 12. Nb3 Ng6 13. d4 Qe7 14. Re1 Rfe8 15.
Nf3 h6 16. Nbd2 Bc6 17. a4 Rad8 18. Qe2 Nf4 19. Qf1 N6h5 20. Nc4 b5 21. Ne3 Bb6
22. Nf5 Qf8 23. Be3 g6 24. N5h4 Bd7 25. Nh2 Qg7 26. N4f3 Kh8 27. a5 Ba7 28.
dxe5 1-0

[Event "España ch Absoluto 2010"]
[Site "El Sauzal ESP"]
[Date "2010.09.08"]
[Round "5.31"]
[White "Camino Carrio, Nicanor"]
[Black "Javaloy Guerrero, Manuel A"]
[Result "1-0"]
[WhiteElo "2137"]
[BlackElo "1934"]
[PlyCount "60"]
[EventDate "2010.09.04"]
[EventType "swiss"]
[EventRounds "9"]
[EventCountry "ESP"]
[Source "lmi"]
[SourceDate "2010.09.04"]

1. e4 c5 2. Nf3 e6 3. c3 d5 4. e5 d4 5. Bd3 Nc6 6. O-O g6 7. Na3 Bg7 8. Qe2
Nge7 9. b3 Nd5 10. cxd4 Nf4 11. Qe4 Nxd3 12. Qxd3 Nxe5 13. Nxe5 Bxe5 14. Nc2
Bxd4 15. Nxd4 cxd4 16. Ba3 Qd5 17. Rac1 b6 18. Rc7 Bd7 19. Rfc1 a5 20. Qg3 Rd8
21. Qf4 b5 22. Bc5 Qf5 23. Qxd4 e5 24. Re1 f6 25. Qd6 Qe6 26. Qxe6+ Bxe6 27.
Re7+ Kf8 28. Rxe6+ Kg7 29. Re7+ Kh6 30. Be3+ Kh5 1-0

[Event "España ch Absoluto 2010"]
[Site "El Sauzal ESP"]
[Date "2010.09.09"]
[Round "6.28"]
[White "Molina Rodriguez, Borja"]
[Black "Vega Gutierrez, Belinda"]
[Result "0-1"]
[WhiteElo "2058"]
[BlackElo "2233"]
[PlyCount "89"]
[EventDate "2010.09.04"]
[EventType "swiss"]
[EventRounds "9"]
[EventCountry "ESP"]
[Source "lmi"]
[SourceDate "2010.09.04"]

1. e4 g6 2. d4 Bg7 3. Nc3 d6 4. f4 a6 5. Nf3 Nd7 6. Bd3 b5 7. O-O Bb7 8. e5 e6
9. a4 b4 10. Ne4 d5 11. Neg5 c5 12. c3 Ne7 13. Be3 c4 14. Bb1 bxc3 15. bxc3 h6
16. Nh3 Qa5 17. Qd2 Rb8 18. Nf2 Bc6 19. g4 Rb7 20. Bc2 Kd8 21. Nh1 Kc8 22. f5
gxf5 23. gxf5 exf5 24. Nh4 Kb8 25. Ng3 Rg8 26. Nhxf5 Nxf5 27. Rxf5 Nf8 28. Raf1
Be8 29. Bd1 Ne6 30. Bh5 Rf8 31. Ne2 Qxa4 32. Bxh6 Rg8 33. Kh1 Bxh6 34. Qxh6 Qc2
35. Qe3 Qd3 36. Qxd3 cxd3 37. Nc1 d2 38. Nd3 Bb5 39. Be2 Rc7 40. Rb1 Rxc3 41.
Rff1 Ka8 42. Bf3 Rd8 43. Bg4 Rxd3 44. Be2 Rc3 45. Bxb5 0-1

[Event "España ch Absoluto 2010"]
[Site "El Sauzal ESP"]
[Date "2010.09.09"]
[Round "6.56"]
[White "Dos-Reis Cabrera, Jose Manuel"]
[Black "Garcia Lorenzo, Jaime"]
[Result "0-1"]
[WhiteElo "1360"]
[BlackElo "1319"]
[PlyCount "38"]
[EventDate "2010.09.04"]
[EventType "swiss"]
[EventRounds "9"]
[EventCountry "ESP"]
[Source "lmi"]
[SourceDate "2010.09.04"]

1. e4 e6 2. d4 d5 3. exd5 exd5 4. Nf3 Nf6 5. Nc3 h6 6. Be2 Be7 7. Ne5 O-O 8.
O-O c5 9. Be3 Qb6 10. Na4 Qa5 11. c3 Nbd7 12. Nd3 c4 13. b4 Qc7 14. Ne1 b5 15.
Nb2 Ne4 16. Qc2 Ndf6 17. Bf4 Bd6 18. Bxd6 Qxd6 19. Nf3 Ng5 0-1

[Event "España ch Absoluto 2010"]
[Site "El Sauzal ESP"]
[Date "2010.09.10"]
[Round "7.34"]
[White "Perez Barreto, Adrian"]
[Black "Perez Aleman, Pedro Tomas"]
[Result "0-1"]
[WhiteElo "1718"]
[BlackElo "2111"]
[PlyCount "76"]
[EventDate "2010.09.04"]
[EventType "swiss"]
[EventRounds "9"]
[EventCountry "ESP"]
[Source "lmi"]
[SourceDate "2010.09.04"]

1. d4 Nf6 2. c4 d6 3. Nc3 e5 4. Nf3 e4 5. Ng5 Qe7 6. Qc2 Bf5 7. g4 Bg6 8. Qb3
c6 9. h4 h6 10. Nh3 Nxg4 11. Bf4 Na6 12. Bg3 Bf5 13. Bg2 g6 14. O-O-O Bg7 15.
Qa3 Rd8 16. Nb1 O-O 17. h5 g5 18. f4 exf3 19. Bxf3 Ne3 20. Rdg1 Nxc4 21. Qc3
Qe3+ 22. Qxe3 Nxe3 23. Nd2 Nb4 24. Be4 Bxd4 25. Bf2 d5 26. Bb1 Bxb1 27. Kxb1
Nf5 28. Nf3 Bxf2 29. Nxf2 f6 30. a3 Na6 31. Nd3 Kg7 32. Nd2 Rde8 33. Rh2 Nd4
34. Re1 Re7 35. e3 Rfe8 36. Rh3 Nf5 37. Rf3 Rxe3 38. Rexe3 Nxe3 0-1

[Event "España ch Absoluto 2010"]
[Site "El Sauzal ESP"]
[Date "2010.09.11"]
[Round "8.20"]
[White "Gutierrez Olivares, Daniel"]
[Black "Arribas Lopez, Angel"]
[Result "0-1"]
[WhiteElo "2175"]
[BlackElo "2454"]
[PlyCount "72"]
[EventDate "2010.09.04"]
[EventType "swiss"]
[EventRounds "9"]
[EventCountry "ESP"]
[Source "lmi"]
[SourceDate "2010.09.04"]

1. c4 e5 2. Nc3 Nf6 3. Nf3 Nc6 4. g3 d5 5. cxd5 Nxd5 6. Bg2 Nb6 7. O-O Be7 8.
d3 O-O 9. a3 a5 10. Be3 Bg4 11. Na4 Nd5 12. Bc5 b6 13. Bxe7 Ndxe7 14. Re1 Qd7
15. Rc1 Rad8 16. Qc2 Rfe8 17. b3 f6 18. Ng5 Nd4 19. Qc4+ Nd5 20. Bxd5+ Qxd5 21.
Qxd5+ Rxd5 22. f3 Bh5 23. g4 Bg6 24. Ne4 Rd7 25. Nd2 Bf7 26. Rb1 Nc2 27. Rec1
Nxa3 28. Rb2 Nb5 29. b4 axb4 30. Rxb4 Nd4 31. Kf2 h5 32. h3 Ne6 33. gxh5 Bxh5
34. Nc3 Nf4 35. Kg3 Bf7 36. Re1 Be6 0-1

[Event "España ch Absoluto 2010"]
[Site "El Sauzal ESP"]
[Date "2010.09.11"]
[Round "8.35"]
[White "Herrera Reyes, Jose Antonio"]
[Black "Salido Polo, Veronica"]
[Result "0-1"]
[WhiteElo "2145"]
[BlackElo "1972"]
[PlyCount "109"]
[EventDate "2010.09.04"]
[EventType "swiss"]
[EventRounds "9"]
[EventCountry "ESP"]
[Source "lmi"]
[SourceDate "2010.09.04"]

1. e4 c5 2. d3 Nc6 3. g3 g6 4. Bg2 Bg7 5. Ne2 d6 6. O-O e6 7. c3 Nge7 8. Be3 f5
9. Nd2 O-O 10. f4 Qc7 11. Kh1 b5 12. Rc1 Bb7 13. Bg1 a5 14. d4 fxe4 15. Nxe4 c4
16. Ng5 Nd8 17. Ne4 Ra6 18. h3 e5 19. Kh2 Ne6 20. fxe5 dxe5 21. Rxf8+ Kxf8 22.
Qd2 Nf5 23. d5 Bh6 24. Qd1 Bxc1 25. dxe6 Be3 26. g4 Bxg1+ 27. Qxg1 Bxe4 28.
Bxe4 Ng7 29. Qf2+ Ke8 30. Ng3 Rxe6 31. Bd5 Qb6 32. Qf3 Rf6 33. Qd1 Rf2+ 34. Bg2
Qc6 35. Qf1 Qf6 36. Qd1 Rxb2 37. Qd5 Ne6 38. Qc6+ Kf7 39. Kh1 Nf4 40. Qb7+ Qe7
41. Bd5+ Nxd5 42. Qxd5+ Kg7 43. Ne4 a4 44. g5 Re2 45. Nf6 Qf7 46. Qd8 Qb7+ 47.
Nd5 Rf2 48. Qd6 Rf5 49. Kh2 Qf7 50. Nf6 Rxg5 51. Ng4 Qf4+ 52. Kg2 Rxg4+ 53.
hxg4 Qxg4+ 54. Kf2 Qf5+ 55. Ke2 0-1

[Event "España ch Absoluto 2010"]
[Site "El Sauzal ESP"]
[Date "2010.09.11"]
[Round "8.40"]
[White "De La Rubia Ramirez, Dulce N"]
[Black "Ponce Valero, Juan Antonio"]
[Result "0-1"]
[WhiteElo "1774"]
[BlackElo "2020"]
[PlyCount "93"]
[EventDate "2010.09.04"]
[EventType "swiss"]
[EventRounds "9"]
[EventCountry "ESP"]
[Source "lmi"]
[SourceDate "2010.09.04"]

1. e4 c5 2. Nc3 g6 3. g3 Bg7 4. Bg2 Nc6 5. d3 e6 6. f4 Nge7 7. Be3 b6 8. Nge2
O-O 9. O-O d5 10. Bf2 Bb7 11. e5 f6 12. d4 cxd4 13. Nxd4 Nxd4 14. exf6 Bxf6 15.
Bxd4 Nf5 16. Bxf6 Qxf6 17. Qd2 Rac8 18. Rae1 Rc7 19. Re5 Nd6 20. Qe2 Bc8 21.
Bh3 Nf5 22. Re1 Rc4 23. Bxf5 gxf5 24. Qf2 Bd7 25. Nd1 Rfc8 26. c3 Re4 27. R1xe4
dxe4 28. Qd4 Rd8 29. Ne3 Bc8 30. Qc4 Qf7 31. g4 Rf8 32. gxf5 exf5 33. Qxf7+
Rxf7 34. Kf2 Kg7 35. Kg3 Kg6 36. Kf2 Rd7 37. Ke2 Rd3 38. Re7 Bd7 39. Nc4 Kf6
40. Rxh7 Bb5 41. Rc7 Rh3 42. Ke1 Rxh2 43. Nd6 Bd3 44. Rxa7 e3 45. Ne8+ Kg6 46.
Rg7+ Kh6 47. Rg1 0-1

[Event "España ch Absoluto 2010"]
[Site "El Sauzal ESP"]
[Date "2010.09.11"]
[Round "8.41"]
[White "Capote Robayna, Johanna"]
[Black "Galvan Sarmiento, Jose Luis"]
[Result "0-1"]
[WhiteElo "1740"]
[BlackElo "2008"]
[PlyCount "110"]
[EventDate "2010.09.04"]
[EventType "swiss"]
[EventRounds "9"]
[EventCountry "ESP"]
[Source "lmi"]
[SourceDate "2010.09.04"]

1. e4 e6 2. d4 d5 3. Nc3 Nf6 4. e5 Nfd7 5. Nf3 c5 6. dxc5 Bxc5 7. Bd3 Nc6 8.
Bf4 a6 9. O-O b5 10. a3 Bb7 11. Re1 Be7 12. Qd2 Nc5 13. Rad1 Nxd3 14. Qxd3 Na5
15. Nd2 Rc8 16. Qg3 g5 17. Be3 Qc7 18. f4 gxf4 19. Bxf4 Kd7 20. Nde4 Rcf8 21.
Nf6+ Kc8 22. Rd3 Nc4 23. b3 Nb6 24. Ne2 Kb8 25. Rc3 Qd8 26. Nd4 Ka8 27. Nc6
Bxc6 28. Rxc6 Kb7 29. Qc3 Na8 30. Bh6 Rfg8 31. Nxg8 Rxg8 32. Be3 Qd7 33. Rc8
Rxc8 34. Qd3 h5 35. b4 Qc7 36. Qd4 Kb8 37. Rf1 Bd8 38. Qc5 Qb7 39. Qd6+ Bc7 40.
Qe7 Bxe5 41. Qxb7+ Kxb7 42. Rxf7+ Rc7 43. Rxc7+ Kxc7 44. Bc1 Bd4+ 45. Kf1 Kd6
46. Ke2 Bg1 47. h3 Ke5 48. g4 hxg4 49. hxg4 Ke4 50. Bb2 Bd4 51. c3 Be5 52. g5
Kf5 53. Kf3 Bd6 54. Ke3 Be7 55. g6 Bf6 0-1